000 00447cam a2200145 4500500
005 20251012010517.0
041 _afre
042 _adc
100 1 0 _aPastorini, Chiara
_eauthor
245 0 0 _aUn monde en révolte
260 _c2008.
500 _a66
786 0 _nPhilosophie magazine | 18 | 4 | 2008-04-01 | p. 8-9 | 1951-1787
856 4 1 _uhttps://shs.cairn.info/magazine-philosophie-magazine-2008-4-page-8?lang=fr&redirect-ssocas=7080
999 _c1519512
_d1519512